LIBRARY & INFORMATION CENTRE, KCAET, TAVANUR

ONLINE PUBLIC ACCESS CATALOGUE (OPAC)

Performance and design of direct current machines / (Record no. 1946)

MARC details
000 -LEADER
fixed length control field 00463cam a2200169ua 4500
003 - CONTROL NUMBER IDENTIFIER
control field OSt
008 - FIXED-LENGTH DATA ELEMENTS--GENERAL INFORMATION
fixed length control field 241223b |||||||| |||| 00| 0 eng d
041 ## - LANGUAGE CODE
Language code of text/sound track or separate title eng
082 ## - DEWEY DECIMAL CLASSIFICATION NUMBER
Classification number 621.3132
Item number CLA/PE
100 ## - MAIN ENTRY--AUTHOR NAME
Personal name Clayton, Albert.E .
245 ## - TITLE STATEMENT
Title Performance and design of direct current machines /
250 ## - EDITION STATEMENT
Edition statement 3 /
260 ## - PUBLICATION, DISTRIBUTION, ETC. (IMPRINT)
Place of publication New Delhi :
Name of publisher Oxford & IBH Publishing company ,
Year of publication 1985.
300 ## - PHYSICAL DESCRIPTION
Number of Pages 516 ; .
700 1# - ADDED ENTRY--PERSONAL NAME
Personal name Hancock, N. lX .
942 ## - ADDED ENTRY ELEMENTS (KOHA)
Koha item type Books
Holdings
Withdrawn status Lost status Damaged status Home library Current library Date acquired Full call number Accession Number Koha item type
      KAUAET KAUAET 20/08/1986 621.3132 CLA/PE 15442 Books
      KAUAET KAUAET 07/04/2012 621.3132 CLA/PE 786 Books
free website counter